000 00754nam a2200205Ii 4500
003 JO-AjNU
008 230605s9999||||xx |||||||||||||| ||und||
017 _a2012/5/1843
040 _aJO-AjNU
_bara
_erda
_cJO-AjNU
041 _aara
050 1 4 _aDS112 2012
100 3 _aالعطي، عبد العزيز,
_eauthor
_947604
245 0 0 _aرحلة العمر من شاطىء غزة الى صحراء الجفر
264 3 1 _aعمان: د.ن، 2012
300 _a279ص
_bيشتمل على(6) ملاحق من ص(235-269 )، صور توضيحية
336 _atext
_btxt
_2rdacontent
337 _aunmediated
_bn
_2rdamedia
338 _avolume
_bnc
_2rdacarrier
650 4 _aغزة-فلسطين-الانتداب البريطاني -تاريخ
_947605
999 _aA20792
_c24360
_d24360